| 000 | 00361nam a2200145Ia 4500 | ||
|---|---|---|---|
| 008 | 200103s9999||||xx |||||||||||||| ||und|| | ||
| 040 | _aIMU-MPC | ||
| 082 | _aColumn-30 | ||
| 100 | _aPatel, R.C. and Karamchandani, C. J. | ||
| 245 | 0 | _aElements of Heat Engines | |
| 250 | _a6th ed. | ||
| 260 |
_bAcharya Book Depot-Baroda _c1974 |
||
| 300 | _a448 | ||
| 942 | _cBK | ||
| 999 |
_c7414 _d7414 |
||